[Event "FIDE Chesscom Grand Swiss 2019"]
[Site "Douglas-Isle of Man"]
[Date "2019.10.12"]
[Round "3.5"]
[White "Erdos, Viktor"]
[Black "Ragger, Markus"]
[Result "1/2-1/2"]
[WhiteElo "2604"]
[BlackElo "2684"]
[Annotator "TA"]
[PlyCount "60"]
[EventDate "2019.10.10"]
[EventType "swiss"]
[EventCountry "GBR"]
[SourceTitle "playchess.com"]
[Source "ChessBase"]
[SourceQuality "1"]

{[%evp 10,60,22,0,0,9,5,13,22,-8,0,-6,-6,-6,0,0,0,-13,0,-2,0,-8,-8,0,0,0,0,-4,0,0,0,-8,0,0,0,0,0,0,0,0,0,-58,-48,-43,0,0,0,-58,0,0,0,-53,7]} 1. Nf3 d5 2. d4 Nf6 3. c4 e6 4. Nc3 c5 5. cxd5 Nxd5 6. e3 cxd4 {D41: Queen's Gambit Declined: Semi-Tarrasch with 5 cxd5} 7. exd4 Nxc3 8. bxc3 Qc7 {The position is equal.} 9. Qc2 Nd7 10. Bd3 b6 11. Be4 $146 ({Predecessor:} 11. O-O Bb7 12. Ng5 Bd6 13. h3 Bh2+ 14. Kh1 {0-1 (36) Riazantsev,A (2646)-Kramnik,V (2777) Berlin 2015}) 11... Bb7 12. Bxb7 Qxb7 13. O-O Be7 14. c4 O-O 15. Qb3 Rac8 16. Be3 Rc6 17. Rfc1 Rfc8 18. Rc3 Nf6 19. Rac1 Bd6 20. h3 h6 21. a4 R6c7 22. R3c2 Qe4 23. Bd2 Nd7 24. Re1 Qf5 25. Nh4 ({White should try} 25. a5 $11) 25... Qf6 $15 26. Nf3 Qf5 (26... e5 $5 {[%cal Re5d4]}) 27. Nh4 (27. a5 $11) 27... Qf6 28. Nf3 Qf5 ({Better is} 28... e5 $15) 29. Nh4 (29. a5 $11) 29... Qf6 30. Nf3 Qf5 {Accuracy: White = 73%, Black = 62%.} (30... e5 $15) 1/2-1/2

[Event "FIDE Chesscom Grand Swiss 2019"]
[Site "Douglas-Isle of Man"]
[Date "2019.10.12"]
[Round "3.6"]
[White "Grischuk, Alexander"]
[Black "Oparin, Grigoriy"]
[Result "1-0"]
[WhiteElo "2759"]
[BlackElo "2654"]
[Annotator "TA"]
[PlyCount "147"]
[EventDate "2019.10.10"]
[EventType "swiss"]
[EventCountry "GBR"]
[SourceTitle "playchess.com"]
[Source "ChessBase"]
[SourceQuality "1"]

{[%evp 20,147,29,21,21,28,32,51,39,0,19,0,0,0,0,0,0,-27,0,-16,5,6,12,20,40,34,61,25,19,19,19,13,22,21,98,93,92,112,111,115,129,137,128,125,158,151,169,172,170,168,163,141,258,258,238,210,249,233,287,287,287,287,283,283,899,920,1851,1700,1660,1395,1142,692,2089,1745,903,0,0,0,0,0,0,0,0,0,0,0,0,0,0,0,0,0,12844,12844,12845,12845,12845,12846,12846,12847,12850,12851,12851,12851,12851,27999,27996,27996,27997,27997,27998,27998,27996,27996,27997,27994,27995,27995,27996,27996,27997,27995,27996,27996,27997,27995,27996,27996,27997,27997]} 1. e4 e5 2. Nf3 Nc6 3. Bb5 a6 4. Ba4 Nf6 5. O-O b5 6. Bb3 Bb7 7. d3 Bc5 $146 ({Predecessor:} 7... Bd6 8. c3 O-O 9. Bg5 h6 10. Bh4 Be7 {½-½ (12) Fishbein,A (2465)-Greenfeld,A (2520) Beersheba 1991}) 8. a4 O-O 9. Bg5 h6 10. Bh4 Be7 11. c3 d6 {C78: Ruy Lopez: Archangelsk and Möller Defences} 12. Na3 Nh5 13. Bxe7 Qxe7 {White is slightly better.} 14. axb5 axb5 15. Nxb5 Rxa1 $1 16. Qxa1 Nf4 17. Qd1 Ba6 18. c4 Bc8 19. Qd2 Bg4 20. Bd1 f5 21. Ne1 Qg5 22. Kh1 $1 {Strongly threatening f3.} fxe4 23. Bxg4 Qxg4 24. dxe4 Ne6 25. Nc3 Ncd4 26. b4 Ng5 (26... Ra8 $11) 27. f3 $16 Qe6 28. Qd3 Qf7 29. Nd5 c6 30. Ne3 Nge6 31. N1c2 Ra8 32. Nxd4 Nxd4 33. Nf5 Nxf5 34. exf5 d5 35. cxd5 Qxd5 (35... cxd5 $16 36. b5 Rb8) 36. Qxd5+ $18 cxd5 {[%mdl 4096] Endgame KR-KR} 37. Rb1 Rb8 38. b5 Rb6 39. g4 Kf7 40. h4 Kf6 41. h5 e4 $2 (41... Kg5 42. Kg2 Kf4) 42. fxe4 Kg5 43. e5 d4 44. e6 d3 45. Kg2 Kxg4 46. e7 Rb8 47. b6 $2 (47. f6 $18 {f7 would kill now.} gxf6 48. Kf2) 47... Kxf5 $11 48. Kf3 {Black must now prevent Rb4.} (48. Rf1+ {with more complications.} Ke6 49. Re1+ Kd7 50. e8=Q+ Rxe8 51. Rxe8 d2 52. b7) 48... Kf6 $1 49. Ke3 Kxe7 50. Kxd3 {And now Kc4 would win.} Kd6 51. Ke4 {Hoping for b7.} Rb7 52. Kf5 Kd5 53. Rd1+ Kc5 54. Rc1+ Kd5 55. Rb1 Kc5 $2 {[%mdl 8192] [#]} (55... Kd6 $11) 56. Ke6 $1 $18 Kc6 57. Rc1+ Kb5 {[#]} 58. Kf5 $1 {[%cal Rf5g6]} Kb4 59. Kg6 Rxb6+ 60. Kxg7 Re6 61. Rg1 Kc5 {[#]} 62. Rg6 $1 {[%mdl 512]} Kd5 {White mates.} 63. Kxh6 Re8 64. Kg7 Re7+ 65. Kf6 Ra7 66. h6 Ke4 67. Rg4+ Kf3 68. Rg7 Ra6+ 69. Kg5 Ra5+ 70. Kg6 Ra6+ 71. Kh5 Ra5+ 72. Rg5 Ra7 73. Rf5+ Ke4 74. Kg6 {Accuracy: White = 87%, Black = 47%.} 1-0

[Event "FIDE Chesscom Grand Swiss 2019"]
[Site "Douglas-Isle of Man"]
[Date "2019.10.12"]
[Round "3.6"]
[White "Efimenko, Zahar"]
[Black "Ponomariov, Ruslan"]
[Result "1/2-1/2"]
[WhiteElo "2604"]
[BlackElo "2675"]
[Annotator "TA"]
[PlyCount "76"]
[EventDate "2019.10.10"]
[EventType "swiss"]
[EventCountry "GBR"]
[SourceTitle "playchess.com"]
[Source "ChessBase"]
[SourceQuality "1"]

{[%evp 15,76,26,24,18,12,15,15,10,13,19,17,12,14,13,14,10,20,12,14,14,7,8,13,19,8,9,13,0,0,0,0,7,9,2,8,0,11,5,28,0,0,0,0,0,0,0,0,0,0,0,0,0,0,0,0,0,0,0,0,0,0,0,0]} 1. e4 e5 2. Nf3 Nc6 3. Bb5 Nf6 4. O-O Nxe4 5. Re1 Nd6 6. Nxe5 Be7 7. Bf1 Nxe5 8. Rxe5 O-O 9. Nc3 {C67: Ruy Lopez: Berlin Defence: 4 0-0 Nxe4} (9. d4 Bf6 10. Re1 Re8 11. c3 Rxe1 12. Qxe1 Qe8 13. Qxe8+ Nxe8 14. Bf4 d5 15. Nd2 Be7 16. Re1 Kf8 17. Bd3 Bd6 18. Bxd6+ Nxd6 {½-½ (25) Mamedyarov,S (2767)-Radjabov,T (2758) Khanty-Mansiysk 2019}) 9... Ne8 10. Nd5 Bd6 11. Re1 c6 12. Ne3 Be7 13. c4 Nc7 14. d4 d5 15. cxd5 Bb4 16. Bd2 Bxd2 17. Qxd2 Nxd5 18. Nxd5 Qxd5 {[#]} 19. Re5 $146 Qd6 20. Bc4 Bd7 21. Rae1 b5 22. Bb3 a5 23. a3 a4 24. Ba2 Rae8 25. Qc3 (25. h3 {looks sharper.} Rxe5 26. Rxe5 h6 27. Qf4 Qg6 28. Kh2) 25... Rxe5 26. dxe5 Qe7 27. h3 Be6 {The position is equal.} 28. Bxe6 Qxe6 $11 {[%mdl 4096] Endgame KQR-KQR} 29. Rd1 f6 30. Rd6 Qxe5 31. Qxe5 fxe5 32. Rxc6 {KR-KR} Rd8 33. Rc5 b4 34. Rxe5 Rd1+ 35. Kh2 Rd2 36. Ra5 Rxb2 37. Rxa4 bxa3 $1 38. Rxa3 Rxf2 {Accuracy: White = 83%, Black = 98%.} 1/2-1/2

[Event "FIDE Chesscom Grand Swiss 2019"]
[Site "Douglas-Isle of Man"]
[Date "2019.10.12"]
[Round "3.7"]
[White "Artemiev, Vladislav"]
[Black "Melkumyan, Hrant"]
[Result "1/2-1/2"]
[WhiteElo "2746"]
[BlackElo "2650"]
[Annotator "TA"]
[PlyCount "60"]
[EventDate "2019.10.10"]
[EventType "swiss"]
[EventCountry "GBR"]
[SourceTitle "playchess.com"]
[Source "ChessBase"]
[SourceQuality "1"]

{[%evp 10,60,14,10,15,0,17,-3,-6,-2,-5,-19,0,0,0,0,0,-1,0,-6,0,0,0,0,0,0,58,40,65,58,64,68,91,54,59,50,79,94,93,45,53,0,50,0,13,0,0,0,16,0,0,0,25]} 1. c4 e5 2. Nc3 Bb4 3. g3 Bxc3 4. bxc3 d6 5. Bg2 Nc6 6. d3 Nge7 {A21: English Opening: 1...e5 2 Nc3} 7. Nh3 h5 $146 ({Predecessor:} 7... f6 8. e4 Be6 9. f4 g6 10. g4 h5 11. g5 Bg4 12. Qc2 Qd7 13. Nf2 exf4 14. Bxf4 fxg5 15. Bxg5 {½-½ (33) Johansson,L (2448)-Grandelius,N (2655) Vaxjo 2017}) 8. e4 Ng6 9. Be3 Bd7 10. Ng5 f6 11. Nf3 h4 12. Nd2 b6 13. Qe2 Qc8 14. Bf3 Nce7 15. a4 a5 16. O-O Rb8 17. Rfb1 O-O (17... Kf8 $11) 18. Bh5 f5 19. exf5 Bxf5 20. Ne4 Qd7 21. Rb5 Nc6 22. Ng5 Rf6 23. Bf3 {Black must now prevent Bd5+.} Nge7 24. Ne4 Rg6 25. Ng5 (25. Re1 $14) 25... Rf8 26. Qd1 Rgf6 {The position is equal.} 27. Ne4 Rg6 28. Ng5 Rgf6 29. Ne4 Rg6 30. Ng5 Rgf6 {Accuracy: White = 49%, Black = 56%.} 1/2-1/2

[Event "FIDE Chesscom Grand Swiss 2019"]
[Site "Douglas-Isle of Man"]
[Date "2019.10.12"]
[Round "3.7"]
[White "Sasikiran, Krishnan"]
[Black "Harika, Dronavalli"]
[Result "1-0"]
[WhiteElo "2675"]
[BlackElo "2495"]
[Annotator "TA"]
[PlyCount "73"]
[EventDate "2019.10.10"]
[EventType "swiss"]
[EventCountry "GBR"]
[SourceTitle "playchess.com"]
[Source "ChessBase"]
[SourceQuality "1"]

{[%evp 10,73,25,9,15,8,29,16,60,-43,0,-83,0,0,0,0,0,0,85,68,104,106,92,97,93,94,128,115,114,110,137,131,151,140,162,155,218,147,159,160,177,168,167,147,174,165,160,163,229,207,233,227,226,232,221,231,236,255,232,255,238,204,325,317,347,336]} 1. e4 c5 2. Nf3 Nc6 3. Nc3 e5 4. Bc4 Be7 5. d3 Nf6 6. Ng5 O-O $1 {B30: Sicilian: 2...Nc6 3 Bb5, lines without ...g6} 7. h4 (7. f4 exf4 8. Bxf4 d5 9. exd5 Nd4 10. Nge4 b5 11. d6 Nxe4 12. dxe7 Qxe7 13. Nxe4 bxc4 14. O-O cxd3 15. cxd3 {½-½ (23) Navara,D (2745)-Radjabov,T (2748) Shamkir 2018}) 7... h6 8. Nd5 $146 {[%cal Rd5f6] Nxf6+ is the strong threat.} ({Predecessor:} 8. Nxf7 Rxf7 9. Bxf7+ Kxf7 10. g4 Qh8 11. Nd5 d6 12. Nxf6 Bxf6 13. Be3 Ke8 14. Qf3 {0-1 (39) Neagu,L (2539)-Ness,H (2513) ICCF email 2014}) 8... Nxd5 {The position is equal.} 9. Bxd5 (9. exd5 $14 b5 10. Bb3) 9... Nb4 10. Bb3 (10. Nxf7 $11 {remains equal.} Rxf7 11. Bxf7+ Kxf7 12. c3) 10... d5 ({Black should try} 10... hxg5 $17 11. hxg5 g6) 11. a3 $11 c4 (11... hxg5 $6 12. hxg5 (12. axb4 gxh4 13. Bxd5 cxb4 $14) 12... g6 13. axb4 $16) 12. dxc4 dxc4 13. Bxc4 {[#] And now Nxf7 would win.} Qxd1+ (13... Bg4 $11 14. f3 Qxd1+ 15. Kxd1 Rfd8+ 16. Bd2 hxg5) 14. Kxd1 $14 {Black must now prevent Nxf7.} hxg5 15. axb4 gxh4 16. c3 a6 17. Be3 Be6 18. Bxe6 fxe6 19. Ke2 Kf7 20. Ra5 Bf6 21. b5 Bd8 22. Ra4 Rb8 (22... Be7 $16) 23. Bc5 axb5 24. Rb4 ({And not} 24. Bxf8 bxa4 25. Bd6 Ra8 $11) 24... Rh8 25. Rxb5 b6 26. Bd6 Rc8 27. Bxe5 Rh5 28. g4 Rg5 {[#]} (28... Rh7 $142 29. f4 g5) 29. Rg1 $1 $18 h3 30. f4 h2 31. Rh1 Rxg4 32. Rxh2 Rc4 33. Kf3 Rg1 34. Bd4 Rf1+ 35. Rf2 Re1 (35... Rh1 {was called for.} 36. f5 Rc6 37. fxe6+ Kxe6 38. Re5+ Kd7 39. Rd5+ {[%mdl 64] Discovered Attack} Rd6 40. Rxd6+ Kxd6 41. Bxg7 Be7) 36. Rg2 Bf6 37. Rg1 {Accuracy: White = 71%, Black = 38%.} ({Much less strong is} 37. Bxb6 Rf1+ 38. Rf2 Rh1 $18) ({Weaker is} 37. Rxb6 Bxd4 38. cxd4 Rxd4 $16) 1-0

[Event "FIDE Chesscom Grand Swiss 2019"]
[Site "Douglas-Isle of Man"]
[Date "2019.10.12"]
[Round "3.8"]
[White "Demchenko, Anton"]
[Black "Nakamura, Hikaru"]
[Result "1/2-1/2"]
[WhiteElo "2655"]
[BlackElo "2745"]
[Annotator "TA"]
[PlyCount "42"]
[EventDate "2019.10.10"]
[EventType "swiss"]
[EventCountry "GBR"]
[SourceTitle "playchess.com"]
[Source "ChessBase"]
[SourceQuality "1"]

{[%evp 15,42,19,22,15,22,17,24,15,25,8,8,0,6,0,0,0,0,0,0,0,0,0,4,-3,1,0,4,0,8]} 1. d4 d5 2. Nf3 Nf6 3. Bf4 e6 4. e3 c5 5. Nbd2 Bd6 6. dxc5 Bxc5 7. Bd3 Nc6 8. O-O O-O 9. c4 {D02: 1 d4 d5 2 Nf3 sidelines, including 2...Nf6 3 g3 and 2...Nf6 3 Bf4} Bd6 10. Bxd6 $146 ({Predecessor:} 10. Rc1 e5 11. Bg5 e4 12. Bxf6 Qxf6 13. Bxe4 dxe4 14. Nxe4 Bxh2+ 15. Kxh2 Qxb2 {1-0 (52) Inarkiev,E (2679)-Hracek,Z (2557) Biograd 2018}) 10... Qxd6 11. Rc1 {White has an edge.} Rd8 12. a3 dxc4 {The position is equal.} 13. Bxc4 Bd7 14. Qe2 Rac8 15. Rfd1 Ne5 16. Nxe5 Qxe5 17. Nf3 Qc7 18. Qe1 Qb6 19. Qe2 Qc7 {With the idea ...b5!} 20. Qe1 Qb6 21. Qe2 Qc7 {Accuracy: White = 67%, Black = 100%.} 1/2-1/2

[Event "FIDE Chesscom Grand Swiss 2019"]
[Site "Douglas-Isle of Man"]
[Date "2019.10.12"]
[Round "3.8"]
[White "Yilmaz, Mustafa"]
[Black "Bacrot, Etienne"]
[Result "1/2-1/2"]
[WhiteElo "2595"]
[BlackElo "2671"]
[Annotator "TA"]
[PlyCount "61"]
[EventDate "2019.10.10"]
[EventType "swiss"]
[EventCountry "GBR"]
[SourceTitle "playchess.com"]
[Source "ChessBase"]
[SourceQuality "1"]

{[%evp 13,61,12,12,16,27,2,31,27,28,36,25,28,69,49,81,75,83,83,70,72,69,67,82,94,82,79,86,87,67,62,111,102,103,47,258,242,170,17,23,27,16,20,14,21,21,14,14,8,21,8]} 1. d4 Nf6 2. c4 e6 3. Nf3 d5 4. Nc3 Be7 5. Bf4 O-O 6. e3 b6 7. cxd5 Nxd5 8. Nxd5 {D37: Queen's Gambit Declined: 5 Bf4} Qxd5 9. Be2 Ba6 10. Bxc7 {White is slightly better.} Rc8 $146 {[#] Hoping for ...Bxe2.} ({Predecessor:} 10... Qa5+ 11. Kf1 Bxe2+ 12. Qxe2 Nd7 13. h3 Rac8 14. Bg3 Rc6 15. Kg1 {½-½ (35) Karjakin,S (2750)-Anand,V (2756) Saint Louis 2019}) 11. Bg3 Qa5+ 12. Kf1 $1 Nc6 13. Kg1 Nb4 14. a3 Nd5 15. h3 Nf6 16. Kh2 Ne4 17. Rf1 Nxg3 18. fxg3 Rc7 19. Bd3 Bb7 20. Qe2 Rac8 21. Rf2 Qh5 22. e4 Rd8 23. Qe3 (23. Raf1 $16) 23... e5 $2 ({Black should try} 23... Qh6 $14 24. Qe2 Bf6) 24. Nxe5 $18 Bg5 {[#]} 25. Qf3 $2 (25. Qe1 $1 $18) 25... Qxf3 $11 26. Nxf3 Be3 {[%mdl 64] Double Attack} 27. Rc2 {The position is equal.} Rxc2 28. Bxc2 {Strongly threatening d5.} Bxd4 29. Rd1 Bf6 {...Rxd1 is the strong threat.} 30. Rxd8+ Bxd8 31. Kg1 {Accuracy: White = 66%, Black = 36%.} 1/2-1/2

[Event "FIDE Chesscom Grand Swiss 2019"]
[Site "Douglas-Isle of Man"]
[Date "2019.10.12"]
[Round "3.9"]
[White "Vitiugov, Nikita"]
[Black "Motylev, Alexander"]
[Result "1-0"]
[WhiteElo "2732"]
[BlackElo "2651"]
[Annotator "TA"]
[PlyCount "121"]
[EventDate "2019.10.10"]
[EventType "swiss"]
[EventCountry "GBR"]
[SourceTitle "playchess.com"]
[Source "ChessBase"]
[SourceQuality "1"]

{[%evp 9,121,2,10,10,7,14,7,7,4,0,0,0,0,0,0,0,0,0,2,0,0,0,19,19,18,0,0,0,0,0,5,0,10,-20,0,8,16,19,19,14,16,0,0,0,0,0,0,-25,-8,-11,0,0,28,35,104,0,14,0,0,0,0,0,18,0,3,0,256,224,224,217,213,225,225,217,216,196,273,298,306,234,289,274,275,212,588,588,731,687,964,899,927,934,885,845,748,693,1512,1519,1406,1338,1097,719,699,628,601,602,1112,1062,2607,2578,2662,2017,1547,1537]} 1. c4 e5 2. Nc3 Nf6 3. Nf3 Nc6 4. e4 Bb4 5. d3 d6 6. a3 {A28: English Opening: Four Knights Variation} (6. Be2 Bg4 7. a3 Bc5 8. b4 Bb6 9. Be3 Bxf3 10. Bxf3 Nd4 11. Na4 Nxf3+ 12. Qxf3 Bxe3 13. Qxe3 O-O {½-½ (36) Carlsen,M (2882)-Giri,A (2779) Saint Louis 2019}) 6... Bc5 7. b4 Bb6 8. Na4 {The position is equal.} Bd4 9. Rb1 Bg4 10. Be2 Bxf3 11. Bxf3 O-O 12. O-O a6 $146 ({Predecessor:} 12... Nd7 13. Bg4 a5 {0-1 (33) Shahinyan,D (2431)-Andriasian,Z (2609) Yerevan 2014}) 13. Bd2 Ba7 14. g3 Nd4 15. Bg2 Nd7 16. Nc3 c6 17. Kh1 a5 18. f4 axb4 19. axb4 Bb6 20. Na4 Ba7 21. f5 f6 22. Be3 Qe7 23. Rf2 b5 24. Nc3 $1 Bb6 25. Qc1 Rfc8 26. Bf1 Kh8 27. g4 Qe8 28. h4 Ra6 29. Kh2 Rca8 30. cxb5 cxb5 31. Nd5 Ra2 ({Black should play} 31... Rc8 $14 32. Qb2 Nc6) 32. Nxb6 (32. Rxa2 $16 Rxa2+ 33. Kh3) 32... Nxb6 33. Qc7 h5 34. Qxb6 {Strongly threatening Rxa2.} Rxf2+ $1 35. Bxf2 Qc8 {And now ...Qc2! would win.} 36. Bxd4 Qc2+ 37. Bg2 exd4 $4 {[%mdl 8192]} (37... Qxb1 $11 {and Black is okay.} 38. Qc6 (38. Qxb5 exd4 39. Qc6 Rg8 $17) 38... Rg8) 38. Rg1 Qf2 39. Rf1 (39. gxh5 {leads to mate.} Ra2 40. Qd8+ Kh7 41. Kh3 Qxg1 42. Qg8+ Kxg8 43. Kg4 Rxg2+ 44. Kh3 Rh2#) (39. Qxb5 Qxh4+ 40. Bh3 hxg4 $11) 39... Qxh4+ 40. Kg1 hxg4 {( -> ...g3)} 41. Qxd4 g3 {[%csl Gg3][%cal Rh4h2]} 42. Ra1 Rc8 (42... Ra4 {keeps fighting.}) 43. Qb2 $1 $18 (43. Qxd6 {gets mated.} Qh2+ 44. Kf1 Rc2 45. Qf8+ Kh7 46. Qh8+ Kxh8 47. Ra8+ Kh7 48. Rh8+ Kxh8 49. Ke1 Rxg2 50. Kf1 Qh1#) (43. Kf1 {is a self mate.} Qf4+ 44. Kg1 Rc2 45. Rd1 {[#]} Qh4 $1 {[%mdl 512]} 46. Kf1 Qg4 $1 {[%mdl 512]} 47. Kg1 Qe2 48. Bh3 Qh2+ 49. Kf1 Qxh3+ 50. Ke1 Qh1+ 51. Qg1 Qxg1#) 43... Qf4 {intending ...Qe3+.} 44. Re1 Qh6 45. Qe2 Rc3 46. Qg4 Qd2 $2 (46... Rxd3 {is tougher.} 47. Qh3 Kh7) 47. Qxg3 {White is clearly winning.} Rxd3 48. Qh4+ Kg8 49. Ra1 {Threatening mate with Ra8+.} Qe3+ 50. Kh2 {Intending Ra8+ and mate.} Kf7 51. Ra8 Ke7 52. Rb8 {White wants to mate with Rb7+.} Kd7 53. Rb7+ Kc6 54. Rxg7 Kb6 55. Rg3 Qe1 56. Rh3 Rxh3+ 57. Kxh3 Qxb4 58. Qxf6 Qd2 59. e5 Qe3+ 60. Kg4 Qd4+ 61. Kh5 {Accuracy: White = 63%, Black = 56%.} 1-0

[Event "FIDE Chesscom Grand Swiss 2019"]
[Site "Douglas-Isle of Man"]
[Date "2019.10.12"]
[Round "3.9"]
[White "Christiansen, Johan-Sebastian"]
[Black "Leko, Peter"]
[Result "1/2-1/2"]
[WhiteElo "2558"]
[BlackElo "2670"]
[Annotator "TA"]
[PlyCount "47"]
[EventDate "2019.10.10"]
[EventType "swiss"]
[EventCountry "GBR"]
[SourceTitle "playchess.com"]
[Source "ChessBase"]
[SourceQuality "1"]

{[%evp 17,47,0,0,-13,-16,-14,-23,-5,-5,-9,-13,-20,0,0,0,0,0,0,0,0,0,0,0,0,0,0,0,0,0,0,0,0]} 1. e4 e5 2. Nf3 Nc6 3. d4 exd4 4. Nxd4 Nf6 5. Nxc6 bxc6 6. e5 Qe7 7. Qe2 Nd5 8. c4 Ba6 9. b3 g6 10. Ba3 {C45: Scotch Game} (10. g3 Bg7 11. Bb2 O-O 12. Bg2 Rae8 13. O-O Bxe5 14. Qxe5 Qxe5 15. Bxe5 Rxe5 16. cxd5 Bxf1 17. Kxf1 cxd5 18. Nc3 c6 19. Rd1 Rfe8 20. Bf3 Kf8 21. Ne2 {½-½ (41) Aronian,L (2765)-Amin,B (2709) Germany 2019}) 10... Nb4 11. Bb2 Bg7 12. a3 {Black has an edge.} Nd5 $1 {The position is equal.} 13. Nd2 {[%cal Bb1d2,Bd2e4,Be4f6][%mdl 32]} O-O 14. O-O-O Rfe8 15. Qf3 Nb6 16. Ne4 Bxe5 17. Bxe5 Qxe5 18. Nf6+ {[%mdl 64] [#] Double Attack} Kf8 19. Nxe8 Qa1+ {[%mdl 64] Double Attack} 20. Kc2 Qa2+ 21. Kc1 $1 {Qc3 is the strong threat.} Qa1+ (21... Na4 $5 22. Qf6 $8 Qxa3+ 23. Kd2 (23. Kc2 Qa2+ 24. Kc1 Qa3+ 25. Kb1 Qxb3+ {[%mdl 64] Double Attack} 26. Kc1 Qa3+ 27. Kd2 Qa2+ {[%mdl 64] Double Attack} 28. Kc1 Qa3+ 29. Kd2 Qa2+ {[%mdl 64] Double Attack} 30. Kc1 Qa3+ $11) 23... Qa2+ 24. Kc1 Qa3+ 25. Kb1 (25. Kc2 Qa2+ 26. Kc1 Qa3+ $11) 25... Qxb3+ {[%mdl 64] Double Attack} 26. Kc1 Qa3+ 27. Kd2 Qa2+ {[%mdl 64] Double Attack} 28. Kc1 Qa3+ 29. Kd2 Qa2+ {[%mdl 64] Double Attack} 30. Kc1 Qa3+ $11) 22. Kc2 Qa2+ 23. Kc1 $1 {[#] Strongly threatening Qc3.} Qa1+ {[#]} 24. Kc2 $146 1/2-1/2

[Event "FIDE Chesscom Grand Swiss 2019"]
[Site "Douglas-Isle of Man"]
[Date "2019.10.12"]
[Round "3.10"]
[White "Robson, Ray"]
[Black "Stefanova, Antoaneta"]
[Result "1-0"]
[WhiteElo "2670"]
[BlackElo "2479"]
[Annotator "TA"]
[PlyCount "47"]
[EventDate "2019.10.10"]
[EventType "swiss"]
[EventCountry "GBR"]
[SourceTitle "playchess.com"]
[Source "ChessBase"]
[SourceQuality "1"]

{[%evp 13,47,34,47,17,19,16,21,27,38,28,42,32,29,23,104,98,207,212,206,215,234,238,372,372,543,439,439,435,729,729,702,677,670,573,594,578]} 1. e4 e5 2. Nf3 Nc6 3. Bb5 a6 4. Ba4 Nf6 5. O-O Bc5 6. c3 O-O 7. d4 Ba7 8. Re1 {C78: Ruy Lopez: Archangelsk and Möller Defences} (8. Bg5 h6 9. Bh4 exd4 10. Re1 d6 11. Nxd4 Ne5 12. h3 b5 13. Bc2 Bb7 14. Nd2 Re8 15. f4 Ng6 {½-½ (43) Fedoseev,V (2671)-Vitiugov,N (2728) Izhevsk 2019}) 8... b5 9. Bc2 d6 10. h3 {The position is equal.} Re8 11. Be3 $146 ({Predecessor:} 11. Bg5 exd4 12. cxd4 Bb7 13. a3 Qd7 14. Bxf6 gxf6 15. Qd3 {1-0 (42) Pascual Duran,P (1897)-Manosas Vila,A Barcelona 2015}) 11... exd4 12. cxd4 Nb4 (12... Nxe4 $6 13. d5 $16) 13. Nbd2 Bb7 (13... c5 $11) 14. Bb1 $1 $16 Bxe4 (14... Nxe4 $2 15. Nxe4 Qd7 16. a3 $18) (14... Rb8 $16) 15. Nxe4 $18 Nxe4 16. Qb3 c5 {[#]} 17. a3 $1 {aiming for Bxe4.} (17. Bxe4 Rxe4 18. a3 (18. Ng5 Re7 $11) 18... Nc6 $14) 17... cxd4 (17... c4 $142 18. Qxb4 Bb6) 18. Bxd4 Nxf2 (18... Bxd4 {was called for.} 19. Nxd4 Nxf2 20. Rxe8+ (20. Qxb4 Nxh3+ 21. gxh3 Qg5+ 22. Kh1 Qd5+ 23. Kh2 Rxe1 $16) 20... Qxe8) 19. Rxe8+ {White is clearly winning.} ({But not} 19. axb4 $2 Rxe1+ 20. Kxf2 {[#]} Rxb1 $1 $19 {[%mdl 512]}) 19... Qxe8 20. Qxb4 ({Weaker is} 20. Bxf2 Nc6 $18) 20... Qe2 (20... Bc5 $142) 21. Bxa7 Nxh3+ 22. gxh3 Qxf3 23. Bf2 {Be4 is the strong threat.} Qxh3 24. Qh4 {Accuracy: White = 83%, Black = 31%.} 1-0

[Event "FIDE Chesscom Grand Swiss 2019"]
[Site "Douglas-Isle of Man"]
[Date "2019.10.12"]
[Round "3.10"]
[White "Papaioannou, Ioannis"]
[Black "Svidler, Peter"]
[Result "1/2-1/2"]
[WhiteElo "2645"]
[BlackElo "2729"]
[Annotator "TA"]
[PlyCount "62"]
[EventDate "2019.10.10"]
[EventType "swiss"]
[EventCountry "GBR"]
[SourceTitle "playchess.com"]
[Source "ChessBase"]
[SourceQuality "1"]

{[%evp 12,62,2,8,0,0,0,0,4,5,2,0,7,3,3,-21,-7,-24,0,0,0,-35,-22,-20,-9,-10,-22,-14,-9,-13,-10,-13,-8,-22,0,-8,-8,-7,-5,-12,0,0,-12,-21,0,0,0,0,0,0,-4,0,-9]} 1. d4 Nf6 2. Nf3 g6 3. Bg5 Bg7 4. e3 O-O 5. Nbd2 d6 6. Bc4 c5 7. c3 Qb6 {A48: 1 d4 Nf6 2 Nf3 g6: Torre, London and Colle Systems} (7... Nc6 8. O-O Bf5 9. Qe2 d5 10. Bb5 Qb6 11. dxc5 Qxc5 12. Rac1 Ne4 13. Nxe4 dxe4 14. Bxc6 exf3 15. Bxf3 {0-1 (66) Kramnik,V (2812)-Vachier Lagrave,M (2789) Leuven 2016}) 8. Qb3 Qc7 $146 ({Predecessor:} 8... Nc6 9. O-O h6 10. Bh4 Na5 11. Qxb6 axb6 12. Bb5 Be6 13. h3 Rfc8 14. a3 g5 15. Bg3 {1-0 (78) Deviatkin,A (2520)-Sychev,K (2407) Moscow 2014}) 9. O-O b6 {[%cal Bb7b6,Bb6b5][%mdl 32]} 10. Bd3 Nc6 11. Qd1 a6 12. Rc1 b5 13. a4 Rb8 14. b3 Bd7 15. h3 cxd4 16. cxd4 {[#] Hoping for Bxf6.} Qb6 17. axb5 {The position is equal.} Nb4 18. Be2 axb5 19. Bxf6 Bxf6 20. Ne4 Bg7 21. Nc3 Bc6 22. Qd2 Na6 23. Rfd1 Rfc8 24. Ne1 e6 25. Bf3 d5 26. Nd3 Bf8 27. Na2 Be8 28. b4 Nc7 29. Nc5 Bc6 30. Nc3 Ne8 31. e4 dxe4 {Accuracy: White = 69%, Black = 63%.} 1/2-1/2